| 000 | 01547cam a22003375a 4500 | ||
|---|---|---|---|
| 001 | 018037347 | ||
| 003 | OSt | ||
| 005 | 20180306104518.0 | ||
| 008 | 160530t2017 nyua frb 001 0 eng d | ||
| 015 |
_aGBB6D5728 _2bnb |
||
| 016 | 7 |
_a018037347 _2Uk |
|
| 020 | _a9781259643613 (hbk.) | ||
| 020 | _a1259643611 (hbk.) | ||
| 040 |
_aStDuBDS _beng _cStDuBDS _dUk _dEG-ScBUE |
||
| 082 | 0 | 4 |
_a658.562 _bJUR _222 |
| 245 | 0 | 0 |
_aJuran's quality handbook : _bthe complete guide to performance excellence. _cedited by Joseph A. Defeo. |
| 250 | _a7th ed. | ||
| 260 |
_aNew York : _bMcGraw Hill Education, _cc.2017. |
||
| 300 |
_axv, 968 p. : _bill. ; _c24 cm. |
||
| 500 | _aPrevious edition : 2010. | ||
| 504 | _aIncludes bibliographical references and index. | ||
| 520 | _a"The "body of knowledge" for the science of quality management and performance excellence for more than half-a-century, Juran's Quality Handbook has been completely updated to meet the ever-changing needs of today's business and quality professionals. Under the guidance of a team of top experts, this authoritative resource demonstrates how to apply the right methods for delivering superior results and achieving Read more... | ||
| 650 | 7 |
_aQuality control _vHandbooks, manuals, etc. _2BUEsh |
|
| 650 | 7 |
_aQuality assurance _vHandbooks, manuals, etc. _2BUEsh |
|
| 651 | _2BUEsh | ||
| 653 |
_bENGGEN _bBUSADM _cMarch2018 |
||
| 655 |
_vReading book _934232 |
||
| 700 | 1 |
_aDe Feo, Joseph A., _eeditor. _938393 |
|
| 700 | 1 |
_aJuran, J. M. _q(Joseph M.) _d1904-2008. |
|
| 942 | _2ddc | ||
| 999 |
_c26247 _d26219 |
||